Football : Liste Allemagne coupe du monde - Statistiques

Statistiques générales
  • Ce quiz a été pris 12 fois
  • Le résultat moyen est 16 sur 27
Statistiques - réponses
Club Joueur % Correct
Bayern Munich Manuel Neuer
100%
Real Madrid Antonio Rudiger
92%
Liverpool Florian Wirtz
83%
Bayern Munich Jamal Musiala
83%
Bayern Munich Jonathan Tah
83%
Bayern Munich Joshua Kimmich
83%
Bayern Munich Leon Goretzka
83%
Galatasaray Leroy Sané
83%
Bayern Munich Aleksandar Pavlovic
75%
Arsenal Kai Havertz
75%
Newcastle Nick Woltemade
75%
Dortmund Nico Schlotterbeck
58%
Hoffeineim Oliver Baumann
58%
Stuttgart Alexander Nubel
50%
Stuttgart Deniz Undav
50%
Sélectionneur Julian Nagelsmann
50%
Bayern Munich Lennart Karl
50%
Dortmund Waldemar Anton
50%
Stuttgart Angelo Stiller
42%
Leipzig David Raum
42%
Newcastle Malick Thiaw
42%
Mainz Nadiem Amiri
42%
Dortmund Felix Nmecha
33%
Stuttgart Jamie Leweling
33%
Dortmund Maximilian Beier
33%
Francfort Nathaniel Brown
25%
Brighton Pascal Grob
8%
Aucun quiz correspondant
Distribution des résultats
% des personnes avec chaque résultat
Percentile par nombre de réponses
Votre historique - résultats
Vous n’avez pas pris ce quiz